000 00425nam a22001337a 4500
008 171027b xxu||||| |||| 00| 0 eng d
022 _a0738-55871
082 _2May - July 2005, v.151-152
_aDPer 650.5
_bF779
245 _aFortune.
260 _aLondon:
_bUnparalleled Communication,
_cMay - July 2005.
300 _a1(various paging):
_bcolor illustrations;
_c27 cm
650 0 _923035
_aBusiness
_vPeriodicals
942 _2ddc
_cPER
999 _c7623
_d7623